History and geography !!! - Statistics

General Stats
  • This quiz has been taken 44 times
    28 since last reset
  • The average score is 12 of 15
Answer Stats
Question Answer % Correct
In which year did World War 2 end ? 1945
100%
Who was the first president of the United States ? George Washington
100%
What is the capital of France ? Paris
100%
Which of this countries was not in the Soviet Union ? Poland
100%
Which famous ship sank in 1912 after hitting an iceberg ? The Titanic
100%
What is the smallest country on earth ? Vatican City
100%
Which continent is Egypte located on ? Africa
88%
Who was the ancient Egyptian queen famous for her relationships with Julius Caesar ? Cleopatra
88%
What is the largest continent on earth by land area ? Asia
75%
Mount Everest is located on the border of which two countries ? Nepal and China
75%
Which country does not have any river ? Saudi Arabia
63%
What country has the longest coastline in the world ? Canada
50%
What is the largest state of the contiguous United States ? Texas
50%
What was the largest empire in history Mongol Empire
38%
What country has the most islands ? Sweden
25%
No matching quizzes found
Score Distribution
Percent of People with Each Score
Percentile by Number Answered
Your Score History
You have not taken this quiz since the last reset